000 01038nam a22001577a 4500
999 _c522932
_d522932
008 230614b ||||| |||| 00| 0 eng d
100 _aSharma, K.K.
_941920
245 _aFuture of UN peace operations: From an Indian perspective
260 _aU.S.I. Journal
300 _a153(631), Jan-Mar, 2023: p.47-59
520 _aFuture of UN peace operations: From an Indian perspective India has been a strong votary of UN peace operations since the 1950s.the fact that India contributed over 2. 55. 000 peacekeepers to as many as 49 UN missions, and 178 of the peacekeepers laid down their lives for the sake of international peace, is testimony towards our commitment. For an emerging complex future, marred with achromous discussions in the UN security council, the world needs new tools and restricted. – Reproduced
650 _aPeacekeeping forces, Peacekeeping forces (International law), United Nations, United Nations Peacekeeping forces
_941921
773 _aU.S.I. Journal
906 _aUNITED NATIONS
942 _cAR